|
|
|
|
| LEADER |
00000cam a2200000 c 4500 |
| 001 |
043773966 |
| 003 |
DE-627 |
| 005 |
20251219214413.0 |
| 007 |
tu |
| 008 |
931222s1992 xx ||||| 00| ||eng c |
| 020 |
|
|
|a 0796913471
|9 0-7969-1347-1
|
| 035 |
|
|
|a (DE-627)043773966
|
| 035 |
|
|
|a (DE-576)036625892
|
| 035 |
|
|
|a (DE-599)GBV043773966
|
| 035 |
|
|
|a (OCoLC)28900582
|
| 035 |
|
|
|a (OCoLC)28900582
|
| 040 |
|
|
|a DE-627
|b ger
|c DE-627
|e rakwb
|
| 041 |
|
|
|a eng
|
| 082 |
0 |
|
|a 303.609684
|
| 084 |
|
|
|a 3,6
|2 ssgn
|
| 084 |
|
|
|a MI 65096
|2 rvk
|0 (DE-625)rvk/122978:12055
|
| 245 |
0 |
0 |
|a Patterns of violence
|b case studies of conflict in Natal
|c [Centre for Conflict Analysis, Group: Social Dynamics of the Human Sciences Research Council]. Ed.: Anthony Minnaar
|
| 264 |
|
1 |
|a Pretoria
|b Human Sciences Research Council
|c 1992
|
| 300 |
|
|
|a X, 264 S.
|
| 336 |
|
|
|a Text
|b txt
|2 rdacontent
|
| 337 |
|
|
|a ohne Hilfsmittel zu benutzen
|b n
|2 rdamedia
|
| 338 |
|
|
|a Band
|b nc
|2 rdacarrier
|
| 583 |
1 |
|
|a Archivierung prüfen
|c 20200919
|f DE-640
|z 1
|2 pdager
|
| 700 |
1 |
|
|a Minnaar, Anthony
|e Hrsg.
|0 (DE-627)1241509395
|0 (DE-576)171509390
|4 edt
|
| 710 |
2 |
|
|a Centre for Conflict Analysis
|g Pretoria
|b Group: Social Dynamics
|0 (DE-588)5099196-6
|0 (DE-627)712985387
|0 (DE-576)194643999
|4 oth
|
| 935 |
|
|
|i Blocktest
|
| 936 |
r |
v |
|a MI 65096
|b Politisches Verbrechen, Terror, Gewalt
|k Politologie
|k Politische Systeme einzelner Länder
|k Afrika, Lateinamerika, Australien
|k Afrika insgesamt,Subsaharisches Afrika
|k Südafrika
|k Republik Südafrika
|k Formen politischer Auseinandersetzung
|k Politisches Verbrechen, Terror, Gewalt
|0 (DE-627)1271613859
|0 (DE-625)rvk/122978:12055
|0 (DE-576)201613859
|
| 951 |
|
|
|a BO
|
| ELC |
|
|
|b 1
|
| LOK |
|
|
|0 000 xxxxxcx a22 zn 4500
|
| LOK |
|
|
|0 001 3216820653
|
| LOK |
|
|
|0 003 DE-627
|
| LOK |
|
|
|0 004 043773966
|
| LOK |
|
|
|0 005 19990419000000
|
| LOK |
|
|
|0 008 981208||||||||||||||||ger|||||||
|
| LOK |
|
|
|0 040
|a DE-21
|c DE-627
|d DE-21
|
| LOK |
|
|
|0 852
|a DE-21
|
| LOK |
|
|
|0 852 1
|c KB 19 A 6950
|9 00
|
| LOK |
|
|
|0 935
|a krim
|
| LOK |
|
|
|0 936ln
|a k10.10.6
|
| LOK |
|
|
|0 939
|a 08-12-98
|b l01
|
| ORI |
|
|
|a SA-MARC-krimdoka001.raw
|
| SIG |
|
|
|a UB: KB 19 A 6950
|